Дело о награжении чином врача Подольской гимназии лекаря А.Ю. Хондзинского

Доступно только в Электронных читальных залах Найти на картеНа карте
RUSMARC
00004252nmc2a2200000 x 450
001e3e5a67b-a42a-4e97-bf40-0767a73e31be
00520170420222048.0
100##$a20140903l18331834k l0rusy0189 ca
1010#$arus
102##$aRU
2001#$aДело о награжении чином врача Подольской гимназии лекаря А.Ю. Хондзинского
$j1 августа 1833 г. - 15 декабря 1834 г.
251##$cДело
300##$aДело
300##$aОриг. заголовок дела: Дело по прошению бывшего врача Подольской гимназии штаб-лекаря Хондзинского о награждении его чином и знаком отличия беспорочной службы. 1 августа 1833 г. - 15 декабря 1834 г
801#0$aRU
$bРГИА
$c20140903
$gRCR
801#1$aRU
$bГлавНИВЦ
$c20140903
$2rusmarc
801#2$aRU
$bПБ им. Б.Н. Ельцина
$c20170420
$gRCR
$2rusmarc
850##$aРГИА
852##$aРГИА
$eФедеральное казенное учреждение "Российский государственный исторический архив" (РГИА)
$j151
937##$hРГИА
$d11178160
$aASBIBLIO_SCAN
462#0$1001460feb74-7b04-4139-aeb0-b9d27856a1ef
$12001
$aДела Департамента народного просвещения по Киевскому учебному округу за 1804-1844 гг.
$1251
$cОпись
$1852
$j69
461#0$1001a74412a3-3cc5-4d21-8f0a-dfe2fbd9e72d
$12001
$aДепартамент народного просвещения Министерства народного просвещения (1803-1917)
$1251
$cФонд
$1852
$j733
215##$a17 л.
$d36,5х26 см
371##$aДокумент не является опубликованным и широко распространяемым
105##$ay###
1222#$ad
5171#$aДело по прошению бывшего врача Подольской гимназии штаб-лекаря Хондзинского о награждении его чином и знаком отличия беспорочной службы. 1 августа 1833 г. - 15 декабря 1834 г
035##$ae3e5a67b-a42a-4e97-bf40-0767a73e31be
856##$uhttp://readingroom.main.prlib.ru/item.aspx?id_node=n97348919&mode=full
Формат отображения